[Event "28. Erfurter Schachfestival 2018 - Meist"]
[Site "Erfurt"]
[Date "2018.12.30"]
[Round "8.15"]
[White "Bergner, Philipp"]
[Black "Rewitz, Poul"]
[Result "1/2-1/2"]
[WhiteElo "2077"]
[BlackElo "2240"]
[PlyCount "103"]
[EventDate "2018.12.26"]

1. d4 Nf6 2. c4 g6 3. Nc3 d5 4. cxd5 Nxd5 5. e4 Nxc3 6. bxc3 Bg7 7. Nf3 c5 8.
Be3 O-O 9. Qd2 Qa5 10. Rc1 Bg4 11. d5 Nd7 12. Be2 Nf6 13. Qc2 e6 14. h3 Bxf3
15. Bxf3 exd5 16. exd5 Rad8 17. Qb3 Nd7 18. O-O Ne5 19. Be2 c4 20. Bxc4 Nxc4
21. Qxc4 b6 22. Rfd1 Rc8 23. Qd3 Rxc3 24. Rxc3 Qxc3 25. d6 Rd8 26. Bf4 Qxd3 27.
Rxd3 Rd7 28. a4 f5 29. a5 bxa5 30. Ra3 Kf7 31. Rxa5 Bd4 32. Ra4 Bb6 33. h4 Ke6
34. Kf1 Bc5 35. Ra6 Kd5 36. Ke2 Bb6 37. h5 gxh5 38. Kf3 h4 39. Ra1 Bc5 40. Rd1+
Kc6 41. Rh1 a5 42. Rxh4 a4 43. Be3 Bxe3 44. Kxe3 Kb5 45. Kd2 Rxd6+ 46. Kc2 Rc6+
47. Kb2 h6 48. Rf4 Rc5 49. Rh4 Re5 50. Ka3 Re2 51. Rb4+ Kc5 52. Rf4 1/2-1/2

[Event "28. Erfurter Schachfestival 2018 - Meist"]
[Site "Erfurt"]
[Date "2018.12.30"]
[Round "8.16"]
[White "Pallas, Sebastian"]
[Black "Wanie, Karsten"]
[Result "1-0"]
[WhiteElo "2292"]
[BlackElo "2111"]
[PlyCount "47"]
[EventDate "2018.12.26"]

1. e4 c6 2. d4 d5 3. Nc3 dxe4 4. Nxe4 Bf5 5. Ng3 Bg6 6. h4 h6 7. Nf3 Nd7 8. h5
Bh7 9. Bd3 Bxd3 10. Qxd3 e6 11. Bd2 Ngf6 12. O-O-O Be7 13. Ne4 Qb6 14. c4 Rd8
15. Nxf6+ Nxf6 16. Qc2 Ng4 17. Bc3 Bb4 18. Bxb4 Qxb4 19. Kb1 O-O 20. Rd3 b5 21.
Rc3 Rd7 22. Rc1 Rfd8 23. Qe4 Nxf2 24. Qh4 1-0

[Event "28. Erfurter Schachfestival 2018 - Meist"]
[Site "Erfurt"]
[Date "2018.12.30"]
[Round "8.17"]
[White "Woelk, Tom-Frederic"]
[Black "Schupp, Uwe"]
[Result "1-0"]
[WhiteElo "2283"]
[BlackElo "2103"]
[PlyCount "77"]
[EventDate "2018.12.26"]

1. e4 d6 2. d4 Nf6 3. Nc3 e5 4. Nge2 exd4 5. Nxd4 Be7 6. g3 O-O 7. Bg2 Nc6 8.
Nde2 Re8 9. O-O a6 10. h3 Rb8 11. f4 Bf8 12. Be3 Na5 13. b3 b5 14. Ba7 Ra8 15.
Bf2 Bb7 16. Qd3 c5 17. Nd5 Bxd5 18. exd5 Qd7 19. g4 Nb7 20. Ng3 Kh8 21. a4 g6
22. Be1 Bg7 23. Bc3 c4 24. Qd2 cxb3 25. g5 Ng8 26. Bxg7+ Kxg7 27. cxb3 bxa4 28.
Rxa4 Nc5 29. Rc4 a5 30. Qc3+ Kf8 31. f5 Qe7 32. Qh8 Qe3+ 33. Kh2 Re5 34. f6 Nd7
35. Qg7+ Ke8 36. Qxg8+ Nf8 37. Rc7 Qxg5 38. Qxf7+ Kd8 39. Re7 1-0

[Event "28. Erfurter Schachfestival 2018 - Meist"]
[Site "Erfurt"]
[Date "2018.12.30"]
[Round "8.18"]
[White "Mooser, Stefan"]
[Black "Pubantz, Jan"]
[Result "1-0"]
[WhiteElo "2255"]
[BlackElo "2102"]
[PlyCount "125"]
[EventDate "2018.12.26"]

1. d4 Nf6 2. Nf3 d5 3. c4 e6 4. g3 dxc4 5. Bg2 Bd7 6. Ne5 Bc6 7. Nxc6 Nxc6 8.
Qa4 Qd7 9. Bxc6 Qxc6 10. Qxc6+ bxc6 11. Nc3 Rd8 12. Be3 Nd5 13. Bd2 c5 14. dxc5
Bxc5 15. Rc1 Nb6 16. e3 Kd7 17. Ne4 Be7 18. Bc3 f6 19. Ke2 Kc8 20. Bd4 Rd5 21.
Bxb6 axb6 22. Rxc4 Rhd8 23. Rhc1 R8d7 24. R1c2 f5 25. Nc3 Rc5 26. Rxc5 bxc5 27.
Na4 Rd6 28. Nxc5 Rb6 29. b3 Bxc5 30. Rxc5 Kd7 31. Kd2 Kd6 32. Rc4 e5 33. Kc3 c5
34. b4 cxb4+ 35. Rxb4 Rc6+ 36. Kb2 Kd5 37. a4 g5 38. f3 Ra6 39. Kb3 Rc6 40. e4+
fxe4 41. fxe4+ Kd6 42. a5 Rc1 43. Rc4 Ra1 44. Ra4 Rb1+ 45. Kc4 Kc7 46. a6 Rc1+
47. Kd5 Kb8 48. a7+ Ka8 49. Ra2 h5 50. Kxe5 Rf1 51. Kd6 h4 52. gxh4 gxh4 53. e5
Rd1+ 54. Ke7 Rg1 55. e6 h3 56. Ra3 Rg2 57. Rxh3 Kxa7 58. Rb3 Rxh2 59. Kd7 Rd2+
60. Ke8 Rd1 61. e7 Rd2 62. Rf3 Kb7 63. Kf8 1-0

[Event "28. Erfurter Schachfestival 2018 - Meist"]
[Site "Erfurt"]
[Date "2018.12.30"]
[Round "8.19"]
[White "Rensch, Toralf"]
[Black "Walther, Andi"]
[Result "0-1"]
[WhiteElo "2101"]
[BlackElo "2218"]
[PlyCount "108"]
[EventDate "2018.12.26"]

1. e4 c5 2. Nf3 Nc6 3. b3 e5 4. Bb5 d6 5. h3 Nge7 6. O-O a6 7. Bxc6+ bxc6 8. c3
f5 9. Qe2 fxe4 10. Qxe4 Bf5 11. Qe2 Nd5 12. d3 Be7 13. Bd2 O-O 14. Na3 Bg6 15.
Nh2 Qd7 16. Nc4 Rae8 17. Rae1 Qf5 18. Nb2 h5 19. Qe4 Qe6 20. Qc4 Kh7 21. d4
cxd4 22. cxd4 Qd7 23. dxe5 dxe5 24. Rd1 e4 25. Be3 Bd6 26. Bc5 Be5 27. Bd4 Bd6
28. Bc5 Be5 29. Bd4 Bb8 30. Rfe1 Qf5 31. Re2 Nf4 32. Nf1 Qg5 33. Ne3 Nxh3+ 34.
Kf1 Nf4 35. Rc2 h4 36. Qc5 Nd5 37. Nxd5 cxd5 38. Be3 Qg4 39. Qxd5 h3 40. gxh3
Qxh3+ 41. Ke1 Rd8 42. Qc4 Rc8 43. Qe2 Bh5 44. Rxc8 Bxe2 45. Rxf8 Qf1+ 46. Kd2
Bxd1 47. Nxd1 Qd3+ 48. Kc1 Bd6 49. Rc8 Ba3+ 50. Nb2 Qe2 51. Bd4 Bxb2+ 52. Bxb2
Qxf2 53. Rc7 Qg1+ 54. Kc2 Qh2+ 0-1

[Event "28. Erfurter Schachfestival 2018 - Meist"]
[Site "Erfurt"]
[Date "2018.12.30"]
[Round "8.20"]
[White "Smekens, Ruben"]
[Black "Feldmann, Johannes"]
[Result "0-1"]
[WhiteElo "2059"]
[BlackElo "2212"]
[PlyCount "56"]
[EventDate "2018.12.26"]

1. e4 e5 2. Nf3 Nc6 3. Bc4 Nf6 4. Ng5 d5 5. exd5 Na5 6. Bb5+ c6 7. dxc6 bxc6 8.
Qf3 Be7 9. Bxc6+ Nxc6 10. Qxc6+ Bd7 11. Qc4 O-O 12. Nc3 Ng4 13. Nf3 Rc8 14. Qd3
f5 15. h3 e4 16. Qd5+ Rf7 17. hxg4 exf3 18. gxf3 Rc5 19. Qd4 Qc7 20. gxf5 Bxf5
21. b4 Re5+ 22. Kd1 Bf6 23. Rh4 Re1+ 24. Kxe1 Bxd4 25. Rxd4 Qe5+ 26. Re4 Bxe4
27. fxe4 Qd4 28. f4 Rxf4 0-1